000 00852nam a2200229Ia 4500
003 GCL
008 140319s9999 xx 000 0 ara d
040 _aGCL /
_cGCL
082 0 4 _aق
_b962.062
_bع ب
100 1 _aعبدالمنعم الغزالى الجبيلى
245 1 0 _aبعد اربعين عاما براءة خميس والبقرى: احداث كفر الدوار الدامية 12ـ13 أغسطس 1952 /
_cعبدالمنعم الغزالى الجبيلى
260 _a[S.N] :
_bدارسشات للدراسات والنشر والتوزيع ،
_c1993
300 _a168
490 _a
650 0 4 _aالعصر الحديث
650 0 4 _aمصر
650 0 4 _aالتاريخ
650 0 4 _aثورة 23 يوليو 1952
650 0 4 _aالعمال المصريون
650 0 4 _aالاضطرابات العمالية
942 _2ddc
_cBK
999 _c58770
_d58770